| 000 | 00747nam a2200217 a 4500 | ||
|---|---|---|---|
| 005 | 20240808063717.0 | ||
| 008 | 991125s1978 ea 000 0 eng u | ||
| 020 | _a0471093157 | ||
| 035 | _aUPN01000054800 | ||
| 049 | _aCG | ||
| 050 | 4 |
_aQA279 _bB6.7 |
|
| 100 | 1 | _aBox, George E. P. | |
| 245 | 1 | 0 |
_aStatistics for experimenters : _ban introduction to design, data analysis and model building / _cGeorge E. P. Box, William G. Howter, J. Stuart Hunter. |
| 260 |
_aNew York : _bJ. Wiley, _c1978. |
||
| 300 |
_a653 p. : _bil. |
||
| 440 | 0 | _aWiley series in probability and mathematical statistics | |
| 650 | 4 |
_aEstadÃstica _92988 |
|
| 700 | 1 |
_aHowter, William G., _ecoaut. |
|
| 700 | 1 |
_aHunter, J. Stuart, _d1923- _ecoaut. _930302 |
|
| 905 | _aLibro | ||
| 999 |
_c54800 _d54800 |
||